000 00429nam a2200169Ia 4500
005 20250508152358.0
008 008 250505s9999 xx 000 0 eng d
037 _aTextual
040 _aFEDL
_beng
_cFEDL
041 _aeng
_2eng
084 _a635, COO
_qFEDL
100 _aCooper W E Shewell
_9761322
245 0 _aComplete gardener
300 _a734p.
942 _cTEXL
_h635, COO
999 _c1336045
_d1336045